| 000 | 01369cam a2200337 a 4500 | ||
|---|---|---|---|
| 999 |
_c31500 _d31497 |
||
| 001 | 15663837 | ||
| 003 | OSt | ||
| 005 | 20190321114334.0 | ||
| 008 | 090318s2009 ke a b 001 0 eng | ||
| 010 | _a 2009349250 | ||
| 020 | _a9966726624 | ||
| 040 |
_aMMU _cMMU _dMMU _beng |
||
| 042 | _alcode | ||
| 245 | 0 | 0 |
_aCivil society, governance, and regional integration in Africa / _cedited by Adekunle Amuwo, Hippolyt A.S. Pul, Irene Omolola Adadevoh. |
| 260 |
_aNairobi, Kenya : _bDevelopment Policy Management Forum, _c2009. |
||
| 300 |
_axii, 388 p. : _bill. ; _c25 cm. |
||
| 504 | _aIncludes bibliographical references and index. | ||
| 650 | 0 |
_aCivil society _zAfrica. |
|
| 650 | 0 |
_aRegionalism _zAfrica. |
|
| 650 | 0 | _aAfrican cooperation. | |
| 651 | 0 |
_aAfrica _xEconomic integration. |
|
| 651 | 0 |
_aAfrica _xPolitics and government _y21st century. |
|
| 700 | 1 | _aAmuwo, Kunle. | |
| 700 | 1 | _aPul, Hippolyt A. S. | |
| 700 | 1 | _aAdadevoh, Irene Omolola. | |
| 710 | 2 | _aDevelopment Policy Management Forum. | |
| 856 | 4 | 1 |
_3Table of contents only _uhttp://www.loc.gov/catdir/toc/fy1001/2009349250.html |
| 906 |
_a7 _bcbc _corigode _d3 _encip _f20 _gy-gencatlg |
||
| 942 |
_2lcc _cLOAN LOAN |
||